000 00484nam a2200181Ia 4500
001 8458
005 20260306160611.0
008 260306t2009||||xx |||||||||||||| ||spa||
041 _aESP
082 _a371.1
_bA49
100 _aUniversidad Politécnica Salesiana
_eAUT
245 0 _aSophia:
_bsubjetividad: consideraciones desde la filosofía de la educación
260 _c2009
300 _a186 páginas :
_c21 cm.
650 _aGEN
654 _aCED
942 _cLIB
_dJUS
_fJUS
_2ddc
_n
999 _c8458
_d8458